000 00567nam a2200181Ia 4500
008 090123s9999 xx 000 0 und d
082 _b31854
100 _aकणेकर शिरिष मधुकर
245 _aगोतावळा
250 _a1
260 _bमॅजेस्टिक प्रकाशन
_c2000
300 _a148
600 _aकणेकर शिरिष मधुकर
630 _aगोतावळा
700 _aकणेकर शिरिष मधुकर
730 _aगोतावळा
942 _cBOOK
999 _c69913
_d69913